000 00385nam a2200145Ia 4500
008 200103s9999||||xx |||||||||||||| ||und||
020 _a928011302X
040 _aIMU-MPC
082 _aColumn-5
100 _aIMO
245 0 _aBCH Code : code for the construction and equipment of ships carrying dangerous chemicals in bulk.
260 _bIMO
_c1994
300 _aix, 100
942 _cBK
999 _c3322
_d3322